Genetics (Record no. 22699)

MARC details
000 -LEADER
fixed length control field 00342nam a2200157Ia 4500
082 ## - DEWEY DECIMAL CLASSIFICATION NUMBER
Classification number 575
Item number ALT
245 #0 - TITLE STATEMENT
Title Genetics
250 ## - EDITION STATEMENT
Edition statement Rev
260 ## - PUBLICATION, DISTRIBUTION, ETC. (IMPRINT)
Place of publication Calcutta
Name of publisher Oxford&IBH
Year of publication 1945
650 ## - SUBJECT ADDED ENTRY--TOPICAL TERM
Topical Term Breeding
650 ## - SUBJECT ADDED ENTRY--TOPICAL TERM
Topical Term Genetics
650 ## - SUBJECT ADDED ENTRY--TOPICAL TERM
Topical Term Heredity
700 ## - ADDED ENTRY--PERSONAL NAME
Personal name ALTERNBURG
942 ## - ADDED ENTRY ELEMENTS (KOHA)
Koha item type Books
Holdings
Withdrawn status Lost status Damaged status Not for loan Home library Current library Date acquired Full call number Accession Number Koha item type
        RRII Library RRII Library 16/12/2021 575 ALT 03419 Books